Countries of the Largest Cities in the World - Statistics

General Stats
  • This quiz has been taken 562 times
    521 since last reset
  • The average score is 31 of 41
Answer Stats
# Country % Correct
21 China
100%
12 United States
100%
8 India
99%
1 France
97%
1 United Kingdom
97%
3 Brazil
96%
2 Russia
96%
3 Japan
93%
3 Mexico
92%
2 Egypt
91%
2 Germany
91%
1 Argentina
89%
3 Indonesia
89%
1 South Africa
89%
2 Spain
89%
2 Pakistan
87%
1 Italy
86%
1 Nigeria
85%
1 Iran
84%
1 Colombia
83%
1 Turkey
83%
2 Australia
82%
1 South Korea
79%
1 Thailand
77%
1 Bangladesh
74%
1 Peru
74%
1 Vietnam
73%
1 Malaysia
70%
1 Chile
69%
1 D. R. Congo
68%
1 Iraq
67%
1 Philippines
66%
1 Kenya
57%
1 Singapore
53%
1 Tanzania
51%
1 Myanmar
45%
1 Sudan
43%
1 Angola
35%
1 Ghana
32%
1 Sri Lanka
22%
1 Cote d'Ivoire
19%
No matching quizzes found
Score Distribution
Percent of People with Each Score
Percentile by Number Answered
Your Score History
You have not taken this quiz since the last reset